000 01022nam a2200325 a 4500
003 AR-BaBNM
005 20251128210503.0
008 082120s2002 ||||||||||||||000 | spa||
020 _a84-206-0075-X
040 _cAR-BaBNM
100 1 _aHume, David
245 0 0 _aMi vida [1776] ;
_bCartas de un caballero a su amigo de Edimburgo [1745]
260 _aMadrid
_bAlianza Editorial
_c1985
300 _a92 p.
490 0 _aLibro de Bolsillo
_vv. 1075
500 _aEl volumen se cierra con un apéndice "La muerte de David Hume" que recoge testimonios de amigos y de adversarios de David Hume publicados después de su fallecimiento
600 1 4 _aHume, David
650 4 _aAUTOBIOGRAFIAS
650 4 _aSIGLO DIECIOCHO
650 4 _aFILOSOFOS
650 4 _aNATURALEZA HUMANA
651 4 _aInglaterra
653 _aFILOSOFIA MODERNA
653 _aFILOSOFIA DE LA RELIGION
653 _aFILOSOFIA MORAL
655 _aBIOGRAFIAS
700 1 _aMellizo, Carlos
_etraductor
942 _cBK
998 _claura
999 _c15646
_d15646